000 01155nam0a22002651 4500
001 rc\4167371
005 20260408084054.0
021 _aRU
_b[54-17178]
035 _a(NLR Aleph) 008180676
090 _a7913315
_c7913315
100 _a20130415d1954 |||y0rusy50 ca
101 0 _arus
102 _aRU
105 _ay z |||||
200 1 _aШироко внедрим опыт овощеводов Подмосковья
_e[Сборник статей]
_fГл. упр. с.-х. пропаганды и науки М-ва сельского хозяйства БССР
210 _aМинск
_cБ. и.
_d1954
215 _a32 с.
_d20
606 _aТорфоперегнойные горшочки и кубики
_jСборники
_2psbo
606 _aОвощная рассада
_xВыращивание
_yБелорусская ССР
_jСборники
_2psbo
712 0 1 _aБCСР
_bГлавное управление сельскохозяйственной пропаганды и науки
_3RU\NLR\AUTH\8810179750
_9855714
801 0 _aRU
_bNLR
_gpsbo
801 1 _aRU
_bELAR
_2rusmarc
852 _aNLR
_jС40 Г-4/1518
942 _cBOOK
980 _aNB